Library Banner

Al Islam/ (Record no. 96370)

MARC details
000 -LEADER
fixed length control field 00330nam a22001457a 4500
005 - DATE AND TIME OF LATEST TRANSACTION
control field 20170803141420.0
008 - FIXED-LENGTH DATA ELEMENTS--GENERAL INFORMATION
fixed length control field 170803b xxu||||| |||| 00| 0 eng d
040 ## - CATALOGING SOURCE
Transcribing agency PK-LaUMT
082 ## - DEWEY DECIMAL CLASSIFICATION NUMBER
Classification number ZIAC 297
Item number ABD-A
100 ## - MAIN ENTRY--PERSONAL NAME
Personal name Abdul Qadir
245 ## - TITLE STATEMENT
Title Al Islam/
Statement of responsibility, etc Abdul Qadir
260 ## - PUBLICATION, DISTRIBUTION, ETC. (IMPRINT)
Place of publication, distribution, etc [ ]
Name of publisher, distributor, etc [ ]
Date of publication, distribution, etc [ ]
300 ## - PHYSICAL DESCRIPTION
Extent [ ]
942 ## - ADDED ENTRY ELEMENTS (KOHA)
Koha item type Books
Holdings
Withdrawn status Lost status Damaged status Home library Current library Date acquired Full call number Barcode Date last seen Price effective from Koha item type
      UMT Main Campus UMT Main Campus 2017-08-03 ZIAC 297 ABD-A 109737 2017-08-03 2017-08-03 Books